000 00600nam a2200169 i 4500
001 41045
003 ES-MaACL
005 20230906160349.0
007 t|
008 030307s1965 sp ||||1| spa d
100 1 _aCarter, Harley.
_935884
245 1 0 _aCélulas fotoeléctricas
_b: sus aplicaciones teóricas y prácticas /
_cHarley Carter y Martine Donker ; [traducido por "Oficina de Información Técnica].
260 _a[Madrid :
_bParaninfo :
_bFareso],
_c1965.
300 _aIX, 152 p., 8 lám. :
_bil. ;
_c21 cm.
700 1 _aDonker, Martine.
_945320
852 _aES-MaACL
_jC-30769
_bR.60672
999 _c41045
_d41045